000 00559nam a2200229Ia 4500
003 OSt
005 20221005120235.0
006 a|||||r|||| 00| 0
007 ta
008 221004b |||||||| |||| 00| 0 kan d
024 _a61869
037 _cTextual
040 _aCRL
_cCRL
_bkan
041 _2kan
_akan
082 _aTwNVI, 33k2
100 _aVigdorova F Au.
_9628837
245 0 _aDiary of a school
260 _c1962
650 _aEDUCATION
942 _hTwNVI, 33k2
_cTEXL
_2cc
999 _c1037333
_d1037333